Word Ladder: Aquatic Pixar Film Quiz Stats

 Plays Quiz Updated Nov 17, 2012

     
Support Sporcle.
Go Orange.
Score 0/18 Timer 03:00
2 Plays Today
Clue 4-Letter Word % Correct
Young clownfish with a lucky fin; Pixar film, Finding ___•NEMO•
99.8%
Office noteMEMO
95.3%
Having no lightDARK
89.9%
Adult female horseMARE
86.8%
A grade on a paperMARK
85.8%
Heat burning with flameFIRE
84.6%
The price of passage for a vehicleFARE
84.1%
A folder containing papers for referenceFILE
83.8%
Win a chess gameMATE
83.6%
Clue 4-Letter Word % Correct
A dull, slow-witted, or socially inept personDORK
82.8%
A concept that spreads swiftly via the InternetMEME
82.7%
Occupy the full capacityFILL
80.7%
A hinged barrierGATE
79.1%
A very strong windGALE
79%
Finding [First Rung] character, Forgetful pacific regal blue tang fish•DORY•
78.4%
Distribute outMETE
73.5%
Finding [First Rung] character, Moorish idol and leader of the dentist tank•GILL•
71.2%
ImpudenceGALL
67.7%

Today's Daily Dose

Missing Word
Brands of Alcohol

Word Ladder
A Little Room?

Get the Picture
SpongeBob Rivalry

From the Vault

3x3 Word Blitz II

by slipkid

Language 60s
Ever been in a 3 on 3 basketball tournament? This is nothing like that.
Remove Ads.
Support Sporcle.
Get the best of Sporcle when you Go Orange. This ad-free experience offers more features, more stats, and more fun while also helping to support Sporcle. Thank you for becoming a member.

Show Comments

Extras

Top Quizzes Today


Score Distribution

Your Account Isn't Verified!

In order to create a playlist on Sporcle, you need to verify the email address you used during registration. Go to your Sporcle Settings to finish the process.

Report this User

Report this user for behavior that violates our Community Guidelines.

Details: